Map of Oldest UK Universities Quiz Stats

 Plays Quiz Updated Feb 22, 2019

Support Sporcle.
Go Orange.
Score 0/15 Timer 04:00
0 Plays Today
% Correct
University of Oxford, c.1096–1167
98.3%
University of Cambridge, 1209
94.9%
University of Glasgow, 1451
78.7%
University of Edinburgh, 1583
77.7%
University of London, 1836
75.5%
University of Manchester, 1880
[as Victoria University]
74%
University of Liverpool, 1903
71.8%
Queen's University Belfast, 1845
[as Queen's College, Belfast]
71%
% Correct
University of St Andrews, 1410-1413
67.8%
University of Aberdeen, 1495
66.8%
University of Bristol, 1909
65.6%
University of Birmingham, 1900
65.2%
University of Leeds, 1904
63.5%
University of Durham, 1832
60.9%
University of Sheffield, 1905
53.2%

From the Vault

15-Letter Vocabulary (Hard)

by Tom007

Let's find out if you know the difference between bioluminescence and phosphorescence.
Remove Ads.
Support Sporcle.
Get the best of Sporcle when you Go Orange. This ad-free experience offers more features, more stats, and more fun while also helping to support Sporcle. Thank you for becoming a member.

Show Comments

Extras

Top Quizzes Today


Score Distribution

Your Account Isn't Verified!

In order to create a playlist on Sporcle, you need to verify the email address you used during registration. Go to your Sporcle Settings to finish the process.

Report this User

Report this user for behavior that violates our Community Guidelines.

Details: